| 000 | 00807nam a22002537a 4500 | ||
|---|---|---|---|
| 999 |
_c3426 _d3426 |
||
| 003 | AR-CdUCM | ||
| 008 | 190306b ||||| |||| 00| 0 spa d | ||
| 040 |
_aMUNICIPALIDAD PROVINCIAL DEL CUSCO _cBIBLIOTECA MUNICIPAL DEL CUSCO |
||
| 082 |
_a828.87 / _bD23 |
||
| 100 |
_aDanois, André _911297 |
||
| 245 |
_aLos ismos / _cAndré Danois |
||
| 260 |
_aBarcelona : _bEdiciones G. P. _c1962. |
||
| 300 |
_a77 páginas ; _bIlustraciones, _c15 cm. |
||
| 440 |
_aLas Musas. _n7 _911298 |
||
| 505 | _aContenido : Los ismos -- El ingenuismo -- El fauvismo -- El cubismo ... | ||
| 650 |
_aImpresionismo _911299 |
||
| 650 |
_aFauvismo _911300 |
||
| 650 |
_aCubismo _911301 |
||
| 650 |
_aVanguardismo _99923 |
||
| 650 |
_aSurrealismo _911302 |
||
| 650 |
_aDivisionismo _911303 |
||
| 942 |
_2ddc _cLIBROS |
||
| 945 | _acmm | ||